| 000 | 00755nam a2200253 i 4500 | ||
|---|---|---|---|
| 001 | 2249721 | ||
| 003 | GBCCL | ||
| 005 | 20241126110431.0 | ||
| 008 | 771122s1977 caua 000 0 eng | ||
| 010 | _a 77080071 | ||
| 020 | _a0918956382 | ||
| 040 |
_aDLC _cDLC _dDLC |
||
| 043 | _an-us--- | ||
| 050 | 0 | 0 |
_aBV3773 _b.B74 |
| 082 | 0 | 0 |
_a269.2 _bBRI |
| 100 | 1 |
_aBright, Bill. _95085 |
|
| 245 | 1 | 2 |
_aA movement of miracles / _cby Bill Bright. |
| 260 |
_aSan Bernadino, Calif. : _bCampus Crusade for Christ International, _cc1977. |
||
| 300 |
_a176 p. : _bill. ; _c23 cm. |
||
| 650 | 0 |
_aEvangelistic work _zUnited States. _93471 |
|
| 650 | 0 |
_aHere's Life, America (Movement) _95252 |
|
| 906 |
_a7 _bcbc _corignew _d2 _eopcn _f19 _gy-gencatlg |
||
| 942 |
_2ddc _cBK |
||
| 999 |
_c2522 _d2522 |
||